Gemeinden von Wels-Land - Statistiken

Allgemein
  • Dieses Quiz wurde 323 mal gespielt
  • Das Durchschnittsergebnis liegt bei 14 aus 24
Antwortstatistiken
Einwohner Gemeinde % Korrekt
13.802 Marchtrenk
88%
3.523 Lambach
86%
6.138 Gunskirchen
85%
5.526 Thalheim bei Wels
84%
2.930 Pichl bei Wels
79%
2.712 Sattledt
74%
5.037 Stadl-Paura
67%
2.226 Steinhaus
65%
2.385 Steinerkirchen an der Traun
64%
4.065 Buchkirchen
62%
1.341 Fischlham
62%
4.348 Weißkirchen an der Traun
60%
721 Bachmanning
56%
2.566 Bad Wimsbach-Neydharting
56%
1.703 Offenhausen
55%
3.179 Krenglbach
53%
2.025 Sipbachzell
52%
2.265 Edt bei Lambach
51%
1.406 Schleißheim
49%
918 Neukirchen bei Lambach
45%
2.653 Eberstalzell
40%
916 Pennewang
33%
1.025 Holzhausen
29%
594 Aichkirchen
28%
Keine übereinstimmenden Quizze gefunden
Verteilung der Resultate
Anzahl Personen mit jedem Resultat
Perzentil nach korrekt beantworteten Fragen
Ihre Resultats-Entwicklung
Sie haben dieses Quiz noch nicht gespielt